[Event "Innsbruck op-B 2nd"]
[Site "Innsbruck"]
[Date "2018.08.28"]
[Round "5"]
[White "Reisinger, Heinz"]
[Black "Wischounig, Josef"]
[Result "1-0"]
[WhiteElo "1841"]
[BlackElo "1638"]
[PlyCount "99"]
[EventDate "2018.08.24"]
[EventType "swiss"]
[EventRounds "9"]
[EventCountry "AUT"]
[SourceTitle "CBM 186 Extra"]
[Source "ChessBase"]
[SourceDate "2018.08.24"]
[SourceVersion "1"]
[SourceVersionDate "2018.08.24"]
[SourceQuality "1"]

1. c4 Nf6 2. Nc3 e6 3. e4 d5 4. e5 Nfd7 5. d4 dxc4 6. Bxc4 Nb6 7. Bb3 Nc6 8. Nf3 Be7 9. 0-0 h6 10. d5 Na5 11. dxe6 Bxe6 12. Bxe6 fxe6 13. Nd4 0-0 14. Nxe6 Qxd1 15. Rxd1 Rfc8 16. b3 Kf7 17. Nd4 Rd8 18. Bb2 c5 19. Nf5 Nc6 20. Ne4 Nd4 21. Nxe7 Kxe7 22. Nxc5 Nc2 23. Rac1 Rxd1+ 24. Rxd1 Rb8 25. a3 Rd8 26. Rxd8 Kxd8 27. Nxb7+ Ke7 28. Nc5 Nd5 29. Kf1 g5 30. Ke2 Nf4+ 31. Kd2 Nxa3 32. Bxa3 Nxg2 33. Nd3+ Ke6 34. Bc5 a6 35. Bd6 Nh4 36. Nc5+ Kd5 37. Ke2 Nf5 38. Kd3 a5 39. Nb7 Nd4 40. Nxa5 Nb5 41. Nc4 h5 42. Be7 g4 43. Bf6 Ke6 44. Ne3 Na7 45. b4 Nc6 46. b5 Nxe5+ 47. Bxe5 Kxe5 48. b6 Kd6 49. Nc4+ Kc6 50. Ke4 1-0

[Event "Innsbruck op-B 1st"]
[Site "Innsbruck"]
[Date "2017.08.29"]
[Round "5"]
[White "Wischounig, Josef"]
[Black "Waha, Christian"]
[Result "1-0"]
[WhiteElo "1613"]
[BlackElo "1745"]
[PlyCount "73"]
[EventDate "2017.08.25"]
[EventType "swiss"]
[EventRounds "9"]
[EventCountry "AUT"]
[SourceTitle "CBM 180 Extra"]
[Source "ChessBase"]
[SourceDate "2017.10.06"]
[SourceVersion "1"]
[SourceVersionDate "2017.10.06"]
[SourceQuality "1"]

1. d4 Nf6 2. c4 g6 3. Bf4 Bg7 4. e3 d6 5. Bd3 0-0 6. Ne2 Na6 7. a3 c5 8. 0-0 Nh5 9. Nbc3 Nxf4 10. Nxf4 cxd4 11. exd4 Bxd4 12. Qd2 Nc5 13. Bc2 Bg7 14. Rad1 a6 15. Rfe1 Qc7 16. Nfd5 Qa5 17. Rxe7 Ne6 18. h3 Qc5 19. Bd3 Rd8 20. Re1 b6 21. Na4 Qd4 22. Naxb6 Rb8 23. Na4 Bd7 24. Nac3 Rb7 25. Re4 Qa7 26. Re1 Rdb8 27. b4 Qd4 28. Re4 Qa7 29. Re3 Bh6 30. Kf1 Kf8 31. Qe2 Bxe3 32. Qxe3 Qxe3 33. fxe3 Rc8 34. Ne4 h6 35. Nxd6 Rcc7 36. Rxf7+ Kg8 37. Nf6+ 1-0